000 00724nam a2200217 i 4500
001 78177
003 ES-MaACL
005 20250814230837.0
007 t|
008 041011s1957 sp ||||1| spa d
100 1 _aHansen, Palle.
_961769
245 1 0 _aContabilidad interna de la industria /
_cPalle Hansen ; traducción del danés y notas por Arne Koefoed y Armando Suárez Franck.
260 _aMadrid :
_bAguilar,
_c1957 (
_fBlass)
300 _aXVI, 311 p., 1 lám. ;
_c22 cm.
490 1 _aCiencias sociales
700 1 _aSuárez Franck, Armando.
_9108620
700 1 _aKoefoed, Arne.
_968430
830 0 0 _aCiencias sociales
_9177859
852 _aES-MaACL
_jC-12172
_bR.40309
999 _c78177
_d78177